Výpočet miezd zamestnancov po 1. januári 2005

Bibliographic Details
Main Author: Ďurecová, Mária (Author)
Format: Article
Language:Slovak
PhysicalDescription:Tab.
ISSN:1335-7034
Subjects:

MARC

LEADER 00000nab a2200000 a 4500
001 vtls001522115
003 SK-MaSNL
005 20260426083418.0
008 250505c2005 xo mr|n|||||||000 b|slo
015 |a SNBRB2005/04  |2 snkbucl 
035 |a (sysno)vtls001522115 
035 |a urn:nbn:sk:snk-ab7450 
035 |a (uuid)b79eb035-d920-497c-b4c1-aa2b831a0e01 
035 |a (urnnbn)urn:nbn:sk:snk:ar-a06snu 
038 |a SNKBUCL 
040 |a SNKBUCL  |b slo  |c SNKBUCL  |e AACR2 
041 0 |a slo 
044 |a xo  |c SK 
080 |a 331.2  |x (437.6)  |2 1997 
100 1 |a Ďurecová, Mária  |4 aut  |9 849158 
245 1 0 |a Výpočet miezd zamestnancov po 1. januári 2005  |c Mária Ďurecová 
300 |b Tab. 
648 7 |a od 1.1.2005  |2 snkbucl  |9 1323941 
650 0 7 |a mzdy  |2 snkbucl  |9 2316 
651 7 |a Slovensko  |2 snkbucl  |9 14231 
773 0 |t Dane a účtovníctvo v praxi  |g Roč. X., č. 3 (2005), s. 57-59  |x 1335-7034 
850 |a Slovenská národná knižnica 
852 |a Slovenská národná knižnica 
954 |a odborná, vedecká literatúra pôvodná (slovenská)  |2 lita 
958 |a article27 
958 |a OND 
958 |a EUIPO 
999 |c 2904413  |d 2906343